| 000 | 00978nam a2200277 i 4500 | ||
|---|---|---|---|
| 001 | 189880 | ||
| 003 | SpMaBN | ||
| 005 | 20230906223559.0 | ||
| 008 | 191217s2008 sp ab |||| | spa d | ||
| 020 | _a978-84-95241-60-3 | ||
| 080 | _a74 Wyngaerde, Anton van den | ||
| 080 | _a913(460)(0:74) | ||
| 245 | 0 | 0 |
_aCiudades del Siglo de Oro _b: las vistas españolas de Anton Van den Wyngaerde / _cdirigido por Richard L. Kagan. |
| 260 |
_a[Madrid : _bEl Viso, _c2008] |
||
| 300 |
_a433 p. (algunas pleg.) : _bmapa, il. col. ; _c30 x 31 cm. |
||
| 500 | _aÍndice. | ||
| 504 | _aBibliografía : p. 408-414. | ||
| 596 | _aEn port.: Barclays. | ||
| 600 | 1 | 7 |
_aWyngaerde, Anton Van den. _9117478 |
| 650 | 7 |
_aCiudades- _zEspaña- _yS.XVI. _911074 |
|
| 650 | 4 |
_aCiudades- _xEn el arte. _9158832 |
|
| 651 | 7 |
_aEspaña- _vObras ilustradas. _98388 |
|
| 700 | 1 |
_aKagan, Richard L. _967404 |
|
| 700 | 1 |
_aWyngaerde, Anton Van den. _9117478 |
|
| 852 |
_aES-MaACL _jL-32461 _z- Enc. cart. |
||
| 999 |
_c189880 _d189880 |
||